Obres completees / (Record no. 21712)

MARC details
000 -LEADER
campo de control de longitud fija 00777nam a2200205 i 4500
001 - NÚMERO DE CONTROL
campo de control 21712
003 - IDENTIFICADOR DE NÚMERO DE CONTROL
campo de control ES-MaACL
005 - FECHA Y HORA DE LA ÚLTIMA TRANSACCIÓN
campo de control 20251015063042.0
007 - CAMPO FIJO DE DESCRIPCIÓN FÍSICA--INFORMACIÓN GENERAL
campo de control de longitud fija t|
008 - DATOS DE LONGITUD FIJA--INFORMACIÓN GENERAL
campo de control de longitud fija 021127s1972 sp ||||1| cat d
100 1# - ENTRADA PRINCIPAL--NOMBRE DE PERSONA
Nombre de persona Català, Víctor,
Fechas asociadas al nombre 1869-1966
9 (RLIN) 37006
245 10 - MENCIÓN DEL TÍTULO
Título Obres completees /
Mención de responsabilidad, etc. Vítor Catalá (seud.) ; proleg de Manuel de Montoliu ; epileg de María Aurelia Capmany.
260 ## - PUBLICACIÓN, DISTRIBUCIÓN, ETC.
Lugar de publicación, distribución, etc. Barcelona :
Nombre del editor, distribuidor, etc. Selecta,
Fecha de publicación, distribución, etc. [1972]
300 ## - DESCRIPCIÓN FÍSICA
Extensión LXIII, 1868 p., 8 lám. ;
Dimensiones 21 cm.
505 8# - NOTA DE CONTENIDO CON FORMATO
Nota de contenido con formato Contiene: Novel-les. Narraciones. Impresiones i records. Poesía. Teatre. Varia. Epistolari
700 0# - ENTRADA AGREGADA--NOMBRE PERSONAL
Nombre de persona Montoliu, Manuel de,
Fechas asociadas al nombre 1877-1961
9 (RLIN) 82679
700 1# - ENTRADA AGREGADA--NOMBRE PERSONAL
Nombre de persona Capmany, Maria Aurèlia,
Fechas asociadas al nombre 1918-1991
9 (RLIN) 34865
852 ## - LOCALIZACIÓN
Ubicación ES-MaACL
Número de control de estantería C-54028
Sublocalización o colección R.86814
Holdings
Estatus retirado Estado de pérdida Estado de daño No para préstamo Biblioteca de origen Biblioteca actual Ubicación en estantería Fecha de adquisición Fuente de adquisición Total de préstamos Signatura topográfica completa Código de barras Visto por última vez Precio de reemplazo Tipo de ítem Koha
        Biblioteca del Ateneo de Madrid Biblioteca del Ateneo de Madrid Depósito 2 17/01/2008     C-54028 1022316 23/02/2023 23/02/2023 Libro impreso